Normal view MARC view

Entry Personal Name

Number of records used in: 1

001 - CONTROL NUMBER

  • control field: 1068692

003 - CONTROL NUMBER IDENTIFIER

  • control field: OSt

005 - DATE AND TIME OF LATEST TRANSACTION

  • control field: 20260121170829.0

008 - FIXED-LENGTH DATA ELEMENTS

  • fixed length control field: 260121|| aca||aabn | a|a d

040 ## - CATALOGING SOURCE

  • Original cataloging agency: OSt
  • Transcribing agency: OSt

100 ## - HEADING--PERSONAL NAME

  • Personal name: Richard Valliant, Jill A. Dever, Frauke Kreuter

670 ## - SOURCE DATA FOUND

  • Source citation: Work cat.: (OSt)1634422: Richard Valliant, Jill A. Dever, Frauke Kreuter, Practical Tools for Designing and Weighting Survey Samples
Copyright @ Delhi University Library System